Sports Quiz

Random Sports or NBA Quiz

Pro Sports Teams Ending in -ERS Quiz Stats

 Plays Quiz Updated Jan 23, 2020

Support Sporcle.
Go Orange.
Score 0/23 Timer 06:00
22 Plays Today
Sport Team % Correct
NFLSan Francisco 49ers
83.2%
NFLGreen Bay Packers
75.9%
NBALos Angeles Lakers
75.8%
MLBTexas Rangers
73.5%
NHLNew York Rangers
73.5%
NFLPittsburgh Steelers
73.4%
NFLLas Vegas Raiders
72.6%
NFLCarolina Panthers
70.7%
NHLFlorida Panthers
70.7%
NFLLos Angeles Chargers
69.7%
NBAPhiladelphia 76ers
67.1%
MLBLos Angeles Dodgers
60.1%
Sport Team % Correct
MLBSeattle Mariners
59.6%
NFLTampa Bay Buccaneers
59.5%
NBALos Angeles Clippers
59.4%
NHLEdmonton Oilers
55.1%
MLBDetroit Tigers
54.5%
MLBMilwaukee Brewers
51.9%
NBAIndiana Pacers
51.9%
NHLNew York Islanders
50.1%
NBACleveland Cavaliers
50%
NHLPhiladelphia Flyers
48.8%
NBAPortland Trail Blazers
47%

From the Vault

Not the Whole Picture

by babymonkee

Movies 9m
Somebody must have gone around breaking the zoom lenses.
Remove Ads.
Support Sporcle.
Get the best of Sporcle when you Go Orange. This ad-free experience offers more features, more stats, and more fun while also helping to support Sporcle. Thank you for becoming a member.

Show Comments

Extras

Top Quizzes Today


Score Distribution

Your Account Isn't Verified!

In order to create a playlist on Sporcle, you need to verify the email address you used during registration. Go to your Sporcle Settings to finish the process.

Report this User

Report this user for behavior that violates our Community Guidelines.

Details: